Gösta Berling / (Record no. 88109)

MARC details
000 -LEADER
campo de control de longitud fija 00517nam a2200169 i 4500
001 - NÚMERO DE CONTROL
campo de control 88109
003 - IDENTIFICADOR DE NÚMERO DE CONTROL
campo de control ES-MaACL
007 - CAMPO FIJO DE DESCRIPCIÓN FÍSICA--INFORMACIÓN GENERAL
campo de control de longitud fija t|
008 - DATOS DE LONGITUD FIJA--INFORMACIÓN GENERAL
campo de control de longitud fija 050103s1955 sp ||||1| spa d
100 1# - ENTRADA PRINCIPAL--NOMBRE DE PERSONA
Nombre de persona Lagerlöf, Selma.
9 (RLIN) 69571
245 10 - MENCIÓN DEL TÍTULO
Título Gösta Berling /
Mención de responsabilidad, etc. novela de Selma Lagerlöf ; [traducción del sueco de Rodolfo J. Slaby].
250 ## - MENCION DE EDICION
Mención de edición [4ª ed.].
260 ## - PUBLICACIÓN, DISTRIBUCIÓN, ETC.
Lugar de publicación, distribución, etc. Barcelona :
Nombre del editor, distribuidor, etc. Cervantes,
Fecha de publicación, distribución, etc. [1955] (
Fabricante Aymami)
300 ## - DESCRIPCIÓN FÍSICA
Extensión 380 p. ;
Dimensiones 19 cm.
700 1# - ENTRADA AGREGADA--NOMBRE PERSONAL
Nombre de persona Slaby, Rudolf J.
9 (RLIN) 106762
852 ## - LOCALIZACIÓN
Ubicación ES-MaACL
Número de control de estantería C-9832
Sublocalización o colección R.37477
Holdings
Estatus retirado Estado de pérdida Estado de daño No para préstamo Biblioteca de origen Biblioteca actual Ubicación en estantería Fecha de adquisición Fuente de adquisición Total de préstamos Signatura topográfica completa Código de barras Visto por última vez Precio de reemplazo Tipo de ítem Koha
        Biblioteca del Ateneo de Madrid Biblioteca del Ateneo de Madrid Sala Palomar 17/01/2008     C-9832 1092041 23/02/2023 23/02/2023 Libro impreso